Abraham Lincoin: (Record no. 56288)

MARC details
000 -LEADER
fixed length control field 00780nam a2200217 a 4500
005 - DATE AND TIME OF LATEST TRANSACTION
control field 2011090502062.0
010 ## - LCCN (DPL NO)
LC control number G-001399
020 ## - INTERNATIONAL STANDARD BOOK NUMBER
Terms of availability 395.00
International Standard Book Number 8189297554
035 ## - SYSTEM CONTROL NUMBER
System control number G-001399
037 ## - SOURCE OF ACQUISITION
Source of stock number/acquisition Gift
082 ## - DEWEY DECIMAL CLASSIFICATION NUMBER
Classification number 921
100 ## - MAIN ENTRY--PERSONAL NAME
Personal name Charnwood
245 ## - TITLE STATEMENT
Title Abraham Lincoin:
Statement of responsibility, etc by Charnwood; edited by V. Mehra
Remainder of title ( an abridged biography) /
260 ## - PUBLICATION, DISTRIBUTION, ETC. (IMPRINT)
Place of publication, distribution, etc Delhi
Name of publisher, distributor, etc Farsight Publishers & Distributors
Date of publication, distribution, etc 2009
270 ## - ADDRESS
Address S-16, Naveen Shahdra,
City Delhi
Postal code 110032
300 ## - PHYSICAL DESCRIPTION
Extent 280p.
Dimensions 23cm(Hb)
700 ## - ADDED ENTRY--PERSONAL NAME
Personal name Mehra, V.
9 (RLIN) 34339
942 ## - ADDED ENTRY ELEMENTS (KOHA)
Source of classification or shelving scheme Dewey Decimal Classification
Item type English Books
Call number suffix ABR
Classification part 921
Holdings
Withdrawn status Lost status Not for loan Collection code Home library Current library Date acquired Source of acquisition Cost, normal purchase price Full call number Barcode Copy number Cost, replacement price Koha item type
      Non-fiction Janak Puri Janak Puri 05/09/2011 gift 395.00 921 ABR G-001399 1 395.00 English Books

© Delhi Public Library
Hit Counter
free hit counter